[Event "HUN-chT2 Szechenyi 1617"]
[Site "Hungary"]
[Date "2017.03.12"]
[Round "10.10"]
[White "Balogh, Marton"]
[Black "Laszlo, Peter Miklos"]
[Result "1-0"]
[WhiteElo "1906"]
[BlackElo "1958"]
[PlyCount "61"]
[EventDate "2016.09.25"]
[EventType "team-tourn"]
[EventRounds "11"]
[EventCountry "HUN"]
[SourceTitle "EXT 2021"]
[Source "ChessBase"]
[SourceDate "2020.10.23"]
[SourceVersion "1"]
[SourceVersionDate "2020.10.23"]
[SourceQuality "1"]
[WhiteTeam "Csuti Baki Agrocentrum"]
[BlackTeam "Ajka Banyasz"]
[WhiteTeamCountry "HUN"]
[BlackTeamCountry "HUN"]

1. e4 g6 2. d4 Bg7 3. Nc3 d6 4. f4 Nf6 5. Nf3 a6 6. a4 b6 7. Be3 Ng4 8. Bg1 c5 9. h3 cxd4 10. Bxd4 Nf6 11. Bc4 Nc6 12. Be3 0-0 13. 0-0 Qc7 14. Qe2 Bb7 15. Qf2 Nb4 16. Bd3 Nxd3 17. cxd3 Nd7 18. Qh4 Nf6 19. Rac1 Qd8 20. Ne2 d5 21. e5 Nd7 22. d4 b5 23. f5 gxf5 24. Bh6 Bxh6 25. Qxh6 Qb6 26. Qg5+ Qg6 27. Qxe7 Bc8 28. Nf4 Qg3 29. Nxd5 Rb8 30. Nh4 Bb7 31. Rc3 1-0

[Event "HUN-chT2 Szechenyi 1516"]
[Site "Hungary"]
[Date "2015.10.18"]
[Round "3.10"]
[White "Laszlo, Peter Miklos"]
[Black "Hajdu, Istvan"]
[Result "1/2-1/2"]
[WhiteElo "1922"]
[BlackElo "1895"]
[PlyCount "34"]
[EventDate "2015.09.13"]
[EventType "team-tourn"]
[EventRounds "11"]
[EventCountry "HUN"]
[SourceTitle "CBM 170 Extra"]
[Source "ChessBase"]
[SourceDate "2016.02.25"]
[SourceVersion "1"]
[SourceVersionDate "2016.02.25"]
[SourceQuality "1"]
[WhiteTeam "Ajka Banyasz"]
[BlackTeam "HVSE Infraplan"]
[WhiteTeamCountry "HUN"]
[BlackTeamCountry "HUN"]

1. e4 c6 2. d4 d5 3. exd5 cxd5 4. c4 Nf6 5. Nf3 g6 6. h3 Bg7 7. Nc3 0-0 8. c5 Nc6 9. Bd3 b6 10. Bb5 Bb7 11. Qa4 Qc7 12. b4 a6 13. Bxc6 Bxc6 14. Qc2 Ne4 15. 0-0 bxc5 16. bxc5 Rab8 17. a3 e5 1/2-1/2

[Event "HUN-chT2 Szechenyi 1415"]
[Site "Hungary"]
[Date "2015.03.22"]
[Round "10.10"]
[White "Laszlo, Peter Miklos"]
[Black "Kovacs, Milan"]
[Result "0-1"]
[WhiteElo "1935"]
[BlackElo "1916"]
[PlyCount "70"]
[EventDate "2014.09.07"]
[EventType "team-tourn"]
[EventRounds "11"]
[EventCountry "HUN"]
[SourceTitle "EXT 2016"]
[Source "ChessBase"]
[SourceDate "2015.10.08"]
[SourceVersion "1"]
[SourceVersionDate "2015.10.08"]
[SourceQuality "1"]
[WhiteTeam "Ajka Banyasz"]
[BlackTeam "Kisber Aszar"]
[WhiteTeamCountry "HUN"]
[BlackTeamCountry "HUN"]

1. e4 e5 2. Nf3 Nc6 3. Nc3 Nf6 4. Bc4 Nxe4 5. Nxe4 d5 6. Bb5 dxe4 7. Nxe5 Qd5 8. Bxc6+ bxc6 9. Ng4 Bd6 10. Ne3 Qe6 11. d3 0-0 12. 0-0 f5 13. f4 Ba6 14. c4 Rad8 15. Qa4 exd3 16. Qxc6 Bc8 17. Bd2 Qe4 18. Qxe4 fxe4 19. g3 Bc5 20. b4 Bd4 21. Rac1 Bg4 22. Rf2 Bf3 23. Rxf3 exf3 24. Kf2 Rd7 25. Kxf3 Bxe3 26. Kxe3 Re8+ 27. Kf3 Re2 28. Rd1 Rxh2 29. a3 Kf7 30. a4 h5 31. Bc3 Rc2 32. Be5 Rxc4 33. Ke3 Rxb4 34. Rxd3 Rxd3+ 35. Kxd3 Rxa4 0-1

[Event "HUN-chT2 Szechenyi 1415"]
[Site "Hungary"]
[Date "2015.02.08"]
[Round "8.8"]
[White "Laszlo, Peter Miklos"]
[Black "Schleinig, Pal"]
[Result "1-0"]
[WhiteElo "1935"]
[BlackElo "1929"]
[PlyCount "85"]
[EventDate "2014.09.07"]
[EventType "team-tourn"]
[EventRounds "11"]
[EventCountry "HUN"]
[SourceTitle "EXT 2016"]
[Source "ChessBase"]
[SourceDate "2015.10.08"]
[SourceVersion "1"]
[SourceVersionDate "2015.10.08"]
[SourceQuality "1"]
[WhiteTeam "Ajka Banyasz"]
[BlackTeam "Keszthely"]
[WhiteTeamCountry "HUN"]
[BlackTeamCountry "HUN"]

1. e4 d6 2. d4 g6 3. c3 Bg7 4. f4 b6 5. Nf3 Bb7 6. Bd3 e6 7. 0-0 Ne7 8. Qc2 Nd7 9. f5 e5 10. Be3 0-0 11. Nbd2 c5 12. Nc4 Qc7 13. dxe5 dxe5 14. a4 Nc6 15. Bg5 f6 16. Bh4 Rfe8 17. Ne3 Nd8 18. Bc4+ Kh8 19. Rad1 Nf8 20. Nd5 Bxd5 21. Rxd5 Nc6 22. Rfd1 Red8 23. Qd3 g5 24. Bg3 h6 25. Bb5 Rxd5 26. exd5 Na5 27. d6 Qd8 28. d7 Kh7 29. Qd5 Rb8 30. b4 cxb4 31. cxb4 Nb7 32. Bc6 Qc7 33. Bxb7 Nxd7 34. Bc6 Nf8 35. b5 Qe7 36. Qd6 Qxd6 37. Rxd6 h5 38. Nd2 Kg8 39. Ne4 Kf7 40. Be1 Rc8 41. Ng3 h4 42. Nh5 Bh8 43. Bb4 1-0

[Event "HUN-chT2 Szechenyi 1314"]
[Site "Hungary"]
[Date "2014.02.16"]
[Round "7.7"]
[White "Laszlo, Peter Miklos"]
[Black "Parragi, Istvan"]
[Result "0-1"]
[WhiteElo "1921"]
[BlackElo "1941"]
[PlyCount "114"]
[EventDate "2013.09.08"]
[EventType "team-tourn"]
[EventRounds "11"]
[EventCountry "HUN"]
[SourceTitle "EXT 2016"]
[Source "ChessBase"]
[SourceDate "2015.10.08"]
[SourceVersion "1"]
[SourceVersionDate "2015.10.08"]
[SourceQuality "1"]
[WhiteTeam "Ajka Banyasz"]
[BlackTeam "Zala Volan"]
[WhiteTeamCountry "HUN"]
[BlackTeamCountry "HUN"]

1. e4 c5 2. g3 e6 3. Bg2 Nc6 4. Nc3 g6 5. d3 Bg7 6. f4 Nge7 7. Nf3 0-0 8. 0-0 Rb8 9. a4 a6 10. e5 d6 11. exd6 Qxd6 12. Ne4 Qd8 13. c3 b6 14. Qc2 Nd5 15. Rd1 Qe7 16. d4 cxd4 17. Nxd4 Nxd4 18. cxd4 Bb7 19. Nc3 Nb4 20. Qe2 Bxg2 21. Kxg2 Rfd8 22. Be3 Qb7+ 23. Kg1 h5 24. Rac1 Rbc8 25. h3 Rd7 26. Kh2 Nd5 27. Nxd5 Rxd5 28. Rxc8+ Qxc8 29. Rd2 b5 30. axb5 axb5 31. Qd3 Qd7 32. Qc3 Qe7 33. h4 Qa7 34. Kg2 Qb7 35. Kh2 Kh7 36. Kg1 Rd7 37. Qd3 Rc7 38. Rc2 Rxc2 39. Qxc2 Qf3 40. Qf2 Qd1+ 41. Kg2 b4 42. Qf1 Qc2+ 43. Qf2 Qd3 44. Kh3 b3 45. Kg2 Bf8 46. Bd2 Qe4+ 47. Kg1 Qb1+ 48. Qe1 Qxe1+ 49. Bxe1 Bd6 50. Bc3 f6 51. Kf2 g5 52. hxg5 fxg5 53. fxg5 Kg6 54. Bd2 Be7 55. Kf3 Bxg5 56. Bc3 Kf5 57. Kf2 Ke4 0-1

[Event "HUN-chT2 Szechenyi 1314"]
[Site "Hungary"]
[Date "2014.02.09"]
[Round "6.10"]
[White "Laszlo, Peter Miklos"]
[Black "Korcz, Sandor"]
[Result "1-0"]
[WhiteElo "1921"]
[BlackElo "1857"]
[PlyCount "61"]
[EventDate "2013.09.08"]
[EventType "team-tourn"]
[EventRounds "11"]
[EventCountry "HUN"]
[SourceTitle "EXT 2016"]
[Source "ChessBase"]
[SourceDate "2015.10.08"]
[SourceVersion "1"]
[SourceVersionDate "2015.10.08"]
[SourceQuality "1"]
[WhiteTeam "Ajka Banyasz"]
[BlackTeam "Baki Agrocentrum"]
[WhiteTeamCountry "HUN"]
[BlackTeamCountry "HUN"]

1. e4 c5 2. g3 Nc6 3. Bg2 g6 4. d3 Bg7 5. f4 d6 6. Nf3 e5 7. Nc3 Nge7 8. 0-0 0-0 9. Nd5 Nxd5 10. exd5 Nb4 11. fxe5 Nxd5 12. exd6 Qxd6 13. c3 Bg4 14. Qb3 b6 15. Ng5 Rad8 16. Ne4 Qe6 17. Bg5 f6 18. Rae1 Qf7 19. c4 Nb4 20. Nxf6+ Bxf6 21. Rxf6 Qd7 22. Rxf8+ Rxf8 23. a3 Qf5 24. Bf4 g5 25. Re5 gxf4 26. Rxf5 Rxf5 27. h3 Be2 28. axb4 f3 29. Bf1 Kg7 30. Kf2 Re5 31. Qc3 1-0

[Event "HUN-chT2 Szechenyi 1314"]
[Site "Hungary"]
[Date "2013.11.17"]
[Round "5.10"]
[White "Szittar, Antal"]
[Black "Laszlo, Peter Miklos"]
[Result "1/2-1/2"]
[WhiteElo "1940"]
[BlackElo "1921"]
[PlyCount "124"]
[EventDate "2013.09.08"]
[EventType "team-tourn"]
[EventRounds "11"]
[EventCountry "HUN"]
[SourceTitle "EXT 2016"]
[Source "ChessBase"]
[SourceDate "2015.10.08"]
[SourceVersion "1"]
[SourceVersionDate "2015.10.08"]
[SourceQuality "1"]
[WhiteTeam "Keszthely Spartacus"]
[BlackTeam "Ajka Banyasz"]
[WhiteTeamCountry "HUN"]
[BlackTeamCountry "HUN"]

1. Nf3 g6 2. g3 Bg7 3. Bg2 d6 4. 0-0 e5 5. d3 f5 6. Nc3 Nf6 7. e4 c6 8. Bd2 0-0 9. Qc1 Nh5 10. exf5 gxf5 11. Bh6 f4 12. Bxg7 Kxg7 13. Nh4 Bg4 14. Bf3 Bxf3 15. Nxf3 Qe8 16. Qd1 Kh8 17. Nh4 d5 18. Qe2 Nd7 19. Rae1 Qf7 20. g4 Nhf6 21. f3 Rg8 22. Kh1 h5 23. Rg1 Rg5 24. h3 Qh7 25. Qh2 Re8 26. Nf5 Rg6 27. Rg2 Reg8 28. Reg1 h4 29. Ne2 Rg5 30. Rf2 d4 31. Rff1 Nf8 32. Qf2 Ng6 33. Qe1 Nd5 34. Nc1 Ne3 35. Nxe3 fxe3 36. Ne2 Rf8 37. Qb4 Rf6 38. c3 Qf7 39. Qc4 Qf8 40. Kg2 c5 41. Qd5 b6 42. Qe4 Qf7 43. c4 Qd7 44. f4 exf4 45. Nxf4 Nxf4+ 46. Rxf4 Rxf4 47. Qxf4 Qe7 48. Rf1 Kg7 49. Qf3 e2 50. Re1 Re5 51. Kf2 Re3 52. Qf4 Qe6 53. Qg5+ Kf8 54. Qd8+ Kg7 55. Qg5+ Qg6 56. Qxg6+ Kxg6 57. Rxe2 Rxd3 58. Kg2 Kf7 59. Rf2+ Ke6 60. Rf3 Rd2+ 61. Rf2 Rd3 62. Rf3 Rd2+ 1/2-1/2

[Event "HUN-chT2 Szechenyi 1213"]
[Site "Hungary"]
[Date "2013.04.07"]
[Round "10.8"]
[White "Laszlo, Peter Miklos"]
[Black "Arany, Tamas"]
[Result "1-0"]
[WhiteElo "1902"]
[BlackElo "1840"]
[PlyCount "77"]
[EventDate "2012.09.16"]
[EventType "team-tourn"]
[EventRounds "11"]
[EventCountry "HUN"]
[SourceTitle "EXT 2014"]
[Source "ChessBase"]
[SourceDate "2013.11.20"]
[SourceVersion "1"]
[SourceVersionDate "2013.11.20"]
[SourceQuality "1"]
[WhiteTeam "Ajka Banyasz"]
[BlackTeam "Arboretum"]
[WhiteTeamCountry "HUN"]
[BlackTeamCountry "HUN"]

1. e4 c6 2. d4 d5 3. exd5 cxd5 4. c4 Nf6 5. Nc3 Nc6 6. cxd5 Nxd5 7. Nf3 a6 8. h3 g6 9. Qb3 e6 10. Nxd5 Qxd5 11. Qxd5 exd5 12. a3 Bg7 13. Be3 0-0 14. Bd3 b5 15. b4 Re8 16. 0-0 Bd7 17. Rac1 Rac8 18. Rc5 Ne7 19. Ne5 Rxc5 20. bxc5 Bxe5 21. dxe5 Nc6 22. f4 Na5 23. Rd1 Be6 24. g4 Nc4 25. Bd4 Bd7 26. Bc3 Bc6 27. Bxc4 bxc4 28. Rb1 Bb5 29. Kf2 Rc8 30. Bd4 Kf8 31. Ke3 Ke7 32. f5 gxf5 33. gxf5 Rg8 34. a4 Bc6 35. Kf3 h5 36. Rb6 Kd7 37. e6+ fxe6 38. fxe6+ Kc7 39. Be5+ 1-0

[Event "HUN-chT2 Szechenyi 1213"]
[Site "Hungary"]
[Date "2013.01.27"]
[Round "6.10"]
[White "Laszlo, Peter Miklos"]
[Black "Domonkos, Jozsef"]
[Result "1/2-1/2"]
[WhiteElo "1902"]
[BlackElo "1723"]
[PlyCount "103"]
[EventDate "2012.09.16"]
[EventType "team-tourn"]
[EventRounds "11"]
[EventCountry "HUN"]
[SourceTitle "EXT 2014"]
[Source "ChessBase"]
[SourceDate "2013.11.20"]
[SourceVersion "1"]
[SourceVersionDate "2013.11.20"]
[SourceQuality "1"]
[WhiteTeam "Ajka Banyasz"]
[BlackTeam "Veszprem"]
[WhiteTeamCountry "HUN"]
[BlackTeamCountry "HUN"]

1. e4 c5 2. g3 Nc6 3. Bg2 Nf6 4. Nc3 e6 5. f4 d5 6. e5 Nd7 7. d3 Rb8 8. Nf3 b5 9. 0-0 b4 10. Ne2 Bb7 11. Be3 Be7 12. c3 a5 13. Rc1 0-0 14. Bf2 f6 15. d4 c4 16. h3 Qe8 17. g4 Nd8 18. Bg3 Ra8 19. Qc2 Ba6 20. Rce1 g6 21. exf6 Nxf6 22. Ne5 Bc8 23. Nxc4 Ba6 24. Ne5 bxc3 25. bxc3 Rc8 26. Rf2 Nc6 27. g5 Nh5 28. Nxc6 Qxc6 29. Rf3 Bxe2 30. Qxe2 Nxg3 31. Rxg3 Rxf4 32. Qxe6+ Qxe6 33. Rxe6 Ba3 34. Bxd5 Kf8 35. Rge3 Rf5 36. Rf6+ Kg7 37. Rxf5 gxf5 38. c4 Bc1 39. Rd3 Bxg5 40. Be6 Rc6 41. Bd5 Rd6 42. Kg2 Kf6 43. Bf3 Ke7 44. c5 Rg6 45. c6 Bf4+ 46. Kf2 Rg3 47. Be2 Rg5 48. d5 Bc7 49. Bf3 f4 50. Bd1 Bb6+ 51. Ke2 Re5+ 52. Kf1 1/2-1/2

[Event "HUN-chT2 Szechenyi 1213"]
[Site "Hungary"]
[Date "2012.12.02"]
[Round "5.9"]
[White "Laszlo, Peter Miklos"]
[Black "Deak, Laszlo"]
[Result "1/2-1/2"]
[WhiteElo "1902"]
[BlackElo "1959"]
[PlyCount "46"]
[EventDate "2012.09.16"]
[EventType "team-tourn"]
[EventRounds "11"]
[EventCountry "HUN"]
[SourceTitle "EXT 2014"]
[Source "ChessBase"]
[SourceDate "2013.11.20"]
[SourceVersion "1"]
[SourceVersionDate "2013.11.20"]
[SourceQuality "1"]
[WhiteTeam "Ajka Banyasz"]
[BlackTeam "Zala Volan"]
[WhiteTeamCountry "HUN"]
[BlackTeamCountry "HUN"]

1. e4 Nc6 2. Nc3 e5 3. Nf3 Nf6 4. Bc4 Be7 5. d3 0-0 6. a3 d6 7. h3 Be6 8. Nd5 Na5 9. Ba2 b5 10. Nxe7+ Qxe7 11. b3 c5 12. Ng5 Nc6 13. Nxe6 fxe6 14. 0-0 a5 15. f4 b4 16. a4 exf4 17. Bxf4 e5 18. Bd2 Nd7 19. c3 Rxf1+ 20. Qxf1 Rf8 21. Qe2 Qh4 22. Rf1 Rxf1+ 23. Qxf1 Qf6 1/2-1/2

[Event "HUN-chT2 Szechenyi 1112"]
[Site "Hungary"]
[Date "2012.05.06"]
[Round "10.8"]
[White "Laszlo, Peter Miklos"]
[Black "Toth, Laszlo"]
[Result "1-0"]
[WhiteElo "1855"]
[BlackElo "1858"]
[PlyCount "145"]
[EventDate "2011.09.25"]
[EventType "team-tourn"]
[EventRounds "11"]
[EventCountry "HUN"]
[SourceTitle "EXT 2013"]
[Source "ChessBase"]
[SourceDate "2012.11.22"]
[SourceVersion "1"]
[SourceVersionDate "2012.11.22"]
[SourceQuality "1"]
[WhiteTeam "Ajka Banyasz"]
[BlackTeam "Zala Volan"]
[WhiteTeamCountry "HUN"]
[BlackTeamCountry "HUN"]

1. e4 e5 2. Nf3 Nc6 3. Nc3 Nf6 4. Bb5 Nd4 5. Ba4 Nxf3+ 6. Qxf3 c6 7. h3 Be7 8. 0-0 0-0 9. Bb3 d6 10. d3 Be6 11. Qe2 Qd7 12. f4 exf4 13. Bxf4 b5 14. Rae1 Bxb3 15. axb3 b4 16. Nd1 Rfe8 17. Ne3 g6 18. g4 h5 19. g5 Nh7 20. h4 f6 21. gxf6 Bxf6 22. Qh2 Bxb2 23. Bxd6 Re6 24. Bxb4 Be5 25. Qg2 Qd4 26. Bd2 Rf8 27. Rxf8+ Nxf8 28. Rf1 Bf6 29. Qg3 Qd8 30. Ng2 Kh7 31. Qf4 Bg7 32. Qg3 Qd4+ 33. Be3 Qc3 34. Qc7 Rf6 35. Rxf6 Qxf6 36. Qxa7 Qf3 37. Bd4 Qd1+ 38. Kh2 Ne6 39. Bxg7 Nxg7 40. Qc5 Qa1 41. Qxc6 Qe5+ 42. Kg1 Ne6 43. Qd5 Qa1+ 44. Kh2 Nd4 45. Qf7+ Kh6 46. Qf4+ Kg7 47. Qf2 Qc3 48. Ne3 Qc7+ 49. Kg2 Qd7 50. b4 Qd6 51. c3 Nc6 52. Qg3 Qf6 53. d4 Qf7 54. d5 Ne7 55. c4 Nc8 56. c5 Qa7 57. d6 Qa2+ 58. Kf3 Qf7+ 59. Qf4 Qe6 60. Kg3 Na7 61. e5 Nc6 62. Qf6+ Qxf6 63. exf6+ Kxf6 64. b5 Nd4 65. b6 Ke6 66. Kf4 Kd7 67. Ke4 Nc6 68. Nd5 Nd8 69. Ne7 Ne6 70. Kd5 Nf4+ 71. Kc4 g5 72. hxg5 h4 73. b7 1-0

[Event "HUN-chT2 Szechenyi 1112"]
[Site "Hungary"]
[Date "2012.04.22"]
[Round "9.9"]
[White "Rot, Norbert"]
[Black "Laszlo, Peter Miklos"]
[Result "0-1"]
[WhiteElo "1856"]
[BlackElo "1855"]
[PlyCount "74"]
[EventDate "2011.09.25"]
[EventType "team-tourn"]
[EventRounds "11"]
[EventCountry "HUN"]
[SourceTitle "EXT 2013"]
[Source "ChessBase"]
[SourceDate "2012.11.22"]
[SourceVersion "1"]
[SourceVersionDate "2012.11.22"]
[SourceQuality "1"]
[WhiteTeam "Pet"]
[BlackTeam "Ajka Banyasz"]
[WhiteTeamCountry "HUN"]
[BlackTeamCountry "HUN"]

1. e4 g6 2. d4 Bg7 3. Nf3 d6 4. Bd3 Nc6 5. c3 e5 6. Be3 Nge7 7. 0-0 0-0 8. d5 Nb8 9. Nbd2 h6 10. Nc4 f5 11. exf5 gxf5 12. Bc2 Nd7 13. Na3 Nf6 14. Bb3 f4 15. Bc1 Bg4 16. h3 Bh5 17. Qc2 Bxf3 18. gxf3 Qe8 19. Kh2 Qh5 20. Qe2 Nh7 21. Rg1 Ng5 22. Rxg5 hxg5 23. Nb5 Rfc8 24. c4 a6 25. Nc3 Rf8 26. Ne4 Kf7 27. Qf1 Bf6 28. Qg2 Nf5 29. Qg4 Qxg4 30. fxg4 Nd4 31. Bd1 Rh8 32. f3 Rh7 33. b3 Rah8 34. Nf2 e4 35. fxe4 Nf3+ 36. Bxf3 Bxa1 37. Bd2 Bd4 0-1

[Event "HUN-chT2 Szechenyi 1112"]
[Site "Hungary"]
[Date "2012.03.25"]
[Round "8.8"]
[White "Horvath, Viktoria"]
[Black "Laszlo, Peter Miklos"]
[Result "0-1"]
[WhiteElo "2011"]
[BlackElo "1855"]
[PlyCount "58"]
[EventDate "2011.09.25"]
[EventType "team-tourn"]
[EventRounds "11"]
[EventCountry "HUN"]
[SourceTitle "EXT 2013"]
[Source "ChessBase"]
[SourceDate "2012.11.22"]
[SourceVersion "1"]
[SourceVersionDate "2012.11.22"]
[SourceQuality "1"]
[WhiteTeam "Zalaegerszeg"]
[BlackTeam "Ajka Banyasz"]
[WhiteTeamCountry "HUN"]
[BlackTeamCountry "HUN"]

1. e4 g6 2. d4 Bg7 3. Nc3 d6 4. Be3 Nc6 5. Qd2 Nf6 6. f3 a6 7. 0-0-0 e5 8. d5 Ne7 9. g4 h5 10. g5 Nd7 11. h4 b5 12. Nh3 0-0 13. Ne2 Kh7 14. Ng3 Nb6 15. Nf2 Rb8 16. Bd3 Kg8 17. Ne2 Bd7 18. Rdf1 c5 19. dxc6 Bxc6 20. Rd1 d5 21. exd5 Nexd5 22. Bc5 Re8 23. Ne4 Re6 24. Rhf1 Na4 25. Bg1 Qf8 26. N2c3 Naxc3 27. Nxc3 Nxc3 28. bxc3 Qa3+ 29. Kb1 Bd5 0-1

[Event "HUN-chT2 Szechenyi 1011"]
[Site "Hungary"]
[Date "2011.04.17"]
[Round "9.10"]
[White "Laszlo, Peter Miklos"]
[Black "Hegedus, Lorant"]
[Result "1/2-1/2"]
[WhiteElo "1838"]
[BlackElo "1927"]
[PlyCount "62"]
[EventDate "2010.09.12"]
[EventType "team-tourn"]
[EventRounds "11"]
[EventCountry "HUN"]
[SourceTitle "EXT 2012"]
[Source "ChessBase"]
[SourceDate "2011.11.24"]
[SourceVersion "1"]
[SourceVersionDate "2011.11.24"]
[SourceQuality "1"]
[WhiteTeam "Ajka Banyasz"]
[BlackTeam "Sarvar"]
[WhiteTeamCountry "HUN"]
[BlackTeamCountry "HUN"]

1. e4 e5 2. Nf3 d6 3. d4 exd4 4. Nxd4 Nf6 5. Nc3 Be7 6. Bc4 0-0 7. 0-0 Nbd7 8. Re1 h6 9. Nf5 Ne5 10. Nxe7+ Qxe7 11. Bb3 c6 12. a3 Be6 13. f4 Ned7 14. Qf3 Bxb3 15. cxb3 Nh7 16. b4 Rad8 17. f5 Ne5 18. Qg3 Kh8 19. Be3 a6 20. Rad1 Nf6 21. Bd4 Rfe8 22. h3 Qc7 23. Qf2 Rd7 24. g4 Nh7 25. Kh1 f6 26. Rd2 Ng5 27. Bxe5 dxe5 28. Rxd7 Qxd7 29. Rd1 Qc7 30. Qe3 Rd8 31. Rd3 Kh7 1/2-1/2

[Event "HUN-chT2 Szechenyi 1011"]
[Site "Hungary"]
[Date "2010.10.24"]
[Round "4.8"]
[White "Laszlo, Peter Miklos"]
[Black "Deak, Laszlo"]
[Result "1/2-1/2"]
[WhiteElo "1838"]
[BlackElo "1998"]
[PlyCount "100"]
[EventDate "2010.09.12"]
[EventType "team-tourn"]
[EventRounds "11"]
[EventCountry "HUN"]
[SourceTitle "EXT 2012"]
[Source "ChessBase"]
[SourceDate "2011.11.24"]
[SourceVersion "1"]
[SourceVersionDate "2011.11.24"]
[SourceQuality "1"]
[WhiteTeam "Ajka Banyasz"]
[BlackTeam "Zala Volan"]
[WhiteTeamCountry "HUN"]
[BlackTeamCountry "HUN"]

1. e4 e5 2. Nf3 d6 3. d4 Bg4 4. Be2 Bxf3 5. Bxf3 exd4 6. Qxd4 Nc6 7. Qa4 Qd7 8. 0-0 Ne5 9. Qxd7+ Nxd7 10. Nc3 0-0-0 11. Re1 Ne7 12. Bg4 Nc6 13. Be3 Kb8 14. f4 Nb6 15. Bf2 h5 16. Bh3 g6 17. Nd5 h4 18. c3 Bg7 19. Nxb6 axb6 20. Rad1 f6 21. Be6 g5 22. f5 g4 23. Bd4 Ne5 24. Bxe5 dxe5 25. Kf1 Bh6 26. a3 Bf4 27. Kg1 Be3+ 28. Kh1 g3 29. h3 Bf2 30. Rf1 c6 31. Bb3 Kc7 32. Bc2 Rxd1 33. Rxd1 Rd8 34. Rxd8 Kxd8 35. b3 Ke7 36. Bd3 Kd6 37. Be2 b5 38. Bd3 Ke7 39. c4 bxc4 40. Bxc4 c5 41. b4 cxb4 42. axb4 b6 43. b5 Kd6 44. Bd5 Kc5 45. Bc6 Kc4 46. Bd7 Kd3 47. Bc6 Kc4 48. Bd7 Kd3 49. Bc6 Kc4 50. Bd7 Kd3 1/2-1/2

[Event "HUN-chT2 Szechenyi 0910"]
[Site "Hungary"]
[Date "2010.02.28"]
[Round "7.9"]
[White "Laszlo, Peter Miklos"]
[Black "Bakos, Andrea"]
[Result "1/2-1/2"]
[WhiteElo "1779"]
[BlackElo "1889"]
[PlyCount "79"]
[EventDate "2009.11.08"]
[EventType "team-tourn"]
[EventRounds "11"]
[EventCountry "HUN"]
[SourceTitle "EXT 2011"]
[Source "ChessBase"]
[SourceDate "2010.11.26"]
[SourceVersion "1"]
[SourceVersionDate "2010.11.26"]
[SourceQuality "1"]
[WhiteTeam "Ajka Banyasz"]
[BlackTeam "Tapolca Szeremley"]
[WhiteTeamCountry "HUN"]
[BlackTeamCountry "HUN"]

1. e4 d5 2. exd5 Nf6 3. Nc3 Nxd5 4. d3 g6 5. Nf3 Bg4 6. Be2 c6 7. Nxd5 cxd5 8. d4 Bg7 9. c3 0-0 10. 0-0 Nc6 11. h3 Bxf3 12. Bxf3 e6 13. Bf4 a6 14. Qd2 b5 15. Rac1 b4 16. Be3 bxc3 17. Qxc3 Ne7 18. Rfd1 Rc8 19. Qd3 Qb6 20. Qd2 Nf5 21. Rxc8 Rxc8 22. Bg4 Nxe3 23. fxe3 Qc6 24. Be2 Bh6 25. Kf2 Bg5 26. a3 Bd8 27. Qd3 a5 28. b4 axb4 29. axb4 Qc3 30. b5 Qxd3 31. Rxd3 Kf8 32. Ra3 Bb6 33. Ra6 Rb8 34. Ra3 Ke8 35. Rc3 Ba5 36. Rb3 Bb6 37. Bd3 Ke7 38. Kf3 Kd6 39. Ra3 Ke7 40. Ra4 1/2-1/2

[Event "HUN-chT2 Szechenyi 0910"]
[Site "Hungary"]
[Date "2010.01.17"]
[Round "4.11"]
[White "Laszlo, Peter Miklos"]
[Black "Ruszin, Borbala"]
[Result "1-0"]
[WhiteElo "1779"]
[BlackElo "1550"]
[PlyCount "49"]
[EventDate "2009.11.08"]
[EventType "team-tourn"]
[EventRounds "11"]
[EventCountry "HUN"]
[SourceTitle "EXT 2011"]
[Source "ChessBase"]
[SourceDate "2010.11.26"]
[SourceVersion "1"]
[SourceVersionDate "2010.11.26"]
[SourceQuality "1"]
[WhiteTeam "Ajka Banyasz"]
[BlackTeam "Zala Volan"]
[WhiteTeamCountry "HUN"]
[BlackTeamCountry "HUN"]

1. e4 d5 2. exd5 Qxd5 3. Nc3 Qa5 4. Nf3 Nf6 5. d3 Bg4 6. Be2 c6 7. 0-0 Nbd7 8. Bd2 Qc7 9. h3 Bxf3 10. Bxf3 0-0-0 11. b4 e5 12. b5 Bb4 13. bxc6 bxc6 14. Rb1 Ba5 15. Qc1 Nc5 16. Be3 Qd6 17. Qb2 Bc7 18. Ne4 Nfxe4 19. dxe4 f5 20. Bxc5 Qxc5 21. Qb7+ Kd7 22. Rbd1+ Ke8 23. Qxc7 Qe7 24. Rxd8+ Qxd8 25. Qxe5+ 1-0

[Event "Ajka Borostyan Cup"]
[Site "Ajka"]
[Date "2009.07.19"]
[Round "9"]
[White "Laszlo, Peter Miklos"]
[Black "Vincze, Otto"]
[Result "1/2-1/2"]
[WhiteElo "1777"]
[BlackElo "1965"]
[PlyCount "52"]
[EventDate "2009.07.11"]
[EventType "swiss"]
[EventRounds "9"]
[EventCountry "HUN"]
[SourceTitle "EXT 2011"]
[Source "ChessBase"]
[SourceDate "2010.11.26"]
[SourceVersion "1"]
[SourceVersionDate "2010.11.26"]
[SourceQuality "1"]

1. e4 c6 2. d4 d5 3. exd5 cxd5 4. c4 e6 5. Nf3 Nf6 6. Nc3 Be7 7. h3 0-0 8. Be2 dxc4 9. Bxc4 Qc7 10. Bd3 a6 11. 0-0 b5 12. Bg5 Bb7 13. Rc1 Qd8 14. Ne5 Nbd7 15. Qc2 g6 16. Ne4 Rc8 17. Qe2 Nxe4 18. Bxe7 Qxe7 19. Bxe4 Nf6 20. Bxb7 Qxb7 21. b4 Rfd8 22. Rxc8 Rxc8 23. Rd1 Qd5 24. a3 Rc3 25. Rd3 Rxd3 26. Qxd3 Nd7 1/2-1/2

[Event "Ajka Borostyan Cup"]
[Site "Ajka"]
[Date "2009.07.18"]
[Round "8"]
[White "Laszlo, Peter Miklos"]
[Black "Kantor, Gergely"]
[Result "1-0"]
[WhiteElo "1777"]
[BlackElo "1732"]
[PlyCount "43"]
[EventDate "2009.07.11"]
[EventType "swiss"]
[EventRounds "9"]
[EventCountry "HUN"]
[SourceTitle "EXT 2011"]
[Source "ChessBase"]
[SourceDate "2010.11.26"]
[SourceVersion "1"]
[SourceVersionDate "2010.11.26"]
[SourceQuality "1"]

1. e4 c5 2. g3 d5 3. exd5 Qxd5 4. Nf3 Bg4 5. Bg2 Qe6+ 6. Kf1 Nc6 7. h3 Bh5 8. Nc3 0-0-0 9. Kg1 Nf6 10. Ne2 Nd4 11. Nexd4 cxd4 12. d3 Qd5 13. Kh2 e5 14. g4 Bg6 15. Re1 Bd6 16. Nxe5 Bxe5+ 17. f4 Bxf4+ 18. Bxf4 Qd7 19. Re5 Qc7 20. Qf3 Rd7 21. Rb5 Qc6 22. Qxc6+ 1-0